Melanie Martinez Lyrics: Gingerbread Man - Statistics

General Stats
  • This quiz has been taken 138 times
  • The average score is 188 of 262
Answer Stats
Answer % Correct
i
99%
man
96%
a
95%
gingerbread
92%
the
92%
need
91%
on
91%
me
89%
me,
89%
me?
89%
one
89%
never
82%
that
82%
baby
81%
baby,
81%
do
81%
eat
81%
calls
80%
don't
80%
i'll
78%
to
78%
you
78%
who
77%
i'm
76%
my
76%
sweet
76%
want
74%
always
73%
crazy
73%
life
73%
make
72%
that's
72%
all
70%
boys
70%
frosting
70%
for
69%
not
66%
are
65%
him,
65%
him
65%
just
65%
prince
65%
who's
65%
charming
62%
feed
62%
think
62%
love
61%
see?
61%
see
61%
your
61%
be
59%
can
59%
isn't
58%
please
58%
so
58%
nice,
54%
this
54%
free
53%
give
53%
shit
53%
and
51%
body
51%
you're
51%
his
50%
out
50%
these
50%
but
49%
can't
49%
find
49%
heart
49%
ones
49%
only
49%
wanna
49%
feel
47%
games
47%
hold
47%
politely?
47%
say
47%
someone
47%
thirsty
47%
until
47%
bleeds
46%
close,
46%
cookie
46%
icing
46%
in
46%
playing
46%
bursting
45%
covering
43%
it
43%
laughing
43%
of
43%
tightly
43%
at
42%
how
42%
idiocy
42%
scared
42%
break
41%
happy
41%
other
41%
pieces,
41%
crumbs
39%
harder
39%
each
38%
into
38%
nothing
38%
'cause
35%
biting
32%
jelly
31%
fight
24%
No matching quizzes found
Score Distribution
Percent of People with Each Score
Percentile by Number Answered
Your Score History
You have not taken this quiz